000 00404nam a2200169Ia 4500
008 230711s9999||||xx |||||||||||||| ||und||
020 _a978-81-265-2881-3
041 _aENG
082 _a627.52
_bRA-I
100 _aRaghunath ,H.M
245 0 _aIrrigation engineering
250 _a1st Ed.
260 _c2012
_aNew Delhi
_bWiley & Sons
300 _a522p.
650 _aCivil Engineering
942 _cBK
999 _c5873
_d5873